|
|
|
|
| LEADER |
00794nam a2200253 a 4500 |
| 001 |
adlib96000001 |
| 003 |
ViArRB |
| 005 |
20151026132912.0 |
| 008 |
960221s1955 dcuabcdjdbkoqu001 0deng d |
| 020 |
|
|
|a 0 87553-223-3
|
| 022 |
|
|
|
| 040 |
|
|
|a Adlib
|
| 082 |
|
|
|a 621.6.031.001.4(083.74)
|
| 245 |
|
|
|a Standard Methods for the Examination of Water and Waste Water
|
| 250 |
|
|
|a 19th ed.
|
| 260 |
|
|
|a Washington
|b American Public Health Association
|c 1995
|
| 300 |
|
|
|a Various
|
| 500 |
|
|
|a
|
| 100 |
|
|
|a Franson,Mary Ann H
|e Edittor
|
| 700 |
|
|
|
| 942 |
|
|
|c REF
|6 _
|
| 653 |
|
|
|a Water Testing Standards
|a Waste Water testing Standards
|
| 999 |
|
|
|c 58844
|d 58844
|
| 952 |
|
|
|0 0
|1 0
|4 0
|6 6216031001408374_
|7 0
|9 71521
|a UL
|b UL
|d 2010-11-24
|o 621.6.031.001.4(083.74)
|p 00043204
|r 2010-11-24
|w 2010-11-24
|y REF
|